| 000 | 01083cam a2200289 a 4500 | ||
|---|---|---|---|
| 999 |
_c329568 _d329568 |
||
| 001 | 15334238 | ||
| 003 | NUST | ||
| 005 | 20170515111237.0 | ||
| 008 | 080618s2008 njua 001 0 eng | ||
| 010 | _a 2008274390 | ||
| 020 | _a9780136006138 | ||
| 020 | _a0136006132 | ||
| 040 |
_aDLC _cDLC _dDLC |
||
| 050 | 0 | 0 | _b.E33 2008 |
| 082 | _a515.35 EDW | ||
| 100 | 1 |
_aEdwards, C. Henry _q(Charles Henry), _d1937- _9687 |
|
| 245 | 1 | 0 |
_aElementary differential equations with boundary value problems / _cC. Henry Edwards, David E. Penney. |
| 250 |
_a6th ed. / _bwith the assistance of David Calvis. |
||
| 260 |
_aUpper Saddle River, NJ : _bPearson/Prentice Hall, _cc2008. |
||
| 300 |
_axi, 760, 7 p. : _bill. ; _c26 cm. |
||
| 500 | _aIncludes index. | ||
| 650 | 0 |
_aDifferential equations. _9688 |
|
| 650 | 0 |
_aBoundary value problems. _9689 |
|
| 700 | 1 |
_aPenney, David E. _9690 |
|
| 700 | 1 |
_aCalvis, David. _9691 |
|
| 906 |
_a7 _bcbc _corignew _d3 _encip _f20 _gy-gencatlg |
||
| 942 |
_2ddc _cBK |
||